1141 1653 1406 1166 1735 1475 1378 1405 1502 1611 1618 1769 1399 1473 1544 1439 1608 1142 1396 1370 1762 1325 1577 1728 1030 1060 1304 1826 1743 1134 1579 1973 1664 1200 1425 1190 1417 1326 1247 1071 1392 1927 1962 1400 1052 1993 1107 1818 1080 1832 1589 1692 1537 1999 1072 1062 1202 1161 1742 1869 1095 1425 1826 1975 1261 1412 1828 1855 1122 1149 1924 1660 1199 1290 1382 1736 1020 1681 1404 1754 1462 1515 1269 1654 1223 1587 1013 1274 1068 1155 1725 1929 1052 1592 1265 1122 1511 1015 1006 BCNSPRNW ULIB Ver.6.0+V

เปลี่ยนเป็นภาษาไทย

Change to English
 แสดงรายละเอียดบรรณานุกรม
  กลับหน้าหลัก

Brief Record : Get Marc (ISO 2709) : E-mail record : QR code < ปิดหน้าต่าง
LEADER : 00000nam 2200000uu 4500
001    13399124780
003     ULIB
008    160323s2015||||th 000 0 eng d
020    ^a9781451192711
020    ^a1451192711
060 04 ^aWY100^bL989t
100 1  ^aLynn, Pamela Barbara
245 10 ^aTaylor s clinical nursing skills :^ba nursing processapproach /^cPamela Lynn.
246 13 ^aClinical nursing skills.
250    ^a4th ed.
260    ^aPhiladelphia :^bWolters Kluwer/Lippincott Williams &Wilkins Health,^c2015.
300    ^axx, 1116 p. :^bcol. ill. ;^c28 cm.
504    ^aIncludes bibliographical references and index.
650  2 ^aNursing.
650  2 ^aNursing Process.
650  2 ^aNursing Care^xmethods.
700 1  ^aTaylor, Carol.
945    ^p2800^l0^i000329
999    ^aเกษร โพธิ์สุวรรณ
รายการนี้ยังไม่มีแท็ก
คุณยังไม่ได้ล็อกอิน คุณสามารถมีกิจกรรมร่วมกับเว็บไซต์ได้ แต่ต้องล็อกอินก่อน ::
  ล็อกอิน

รายการสื่อสารสนเทศ

ลำดับที่ ประเภท เลขเรียก/บาร์โค้ด สถานที่ สถานะ
1. Book การพยาบาล
Book การพยาบาล
WY100 L989t ฉ.1 
  Barcode: 000329
ห้องสมุดวิทยาเขตสวรรค์ประชารักษ์
►หนังสือทั่วไป
ถูกยืม กำหนดส่งวันที่ 30 มิถุนายน 2568
  จอง

รายการใกล้เคียง
    หัวเรื่อง [Nursing.]
    หัวเรื่อง [Nursing Process.]

BibComment


ยังไม่เคยถูกคอมเมนท์

คอมเมนท์ทรัพยากรรายการนี้
  คอมเมนท์: Taylor s clinica..


 Copyright 2026. Bcnsprnw @Library